[Event "USA Championship Women 2021"]
[Site "Saint Louis"]
[Date "2021.10.16"]
[Round "9.2"]
[White "Tokhirjonova, Gulrukhbegim"]
[Black "Paikidze, Nazi"]
[Result "1-0"]
[WhiteElo "2322"]
[BlackElo "2374"]
[Annotator "TA"]
[PlyCount "131"]
[EventDate "2021.10.06"]
[EventCountry "USA"]
[SourceTitle "playchess.com"]
[Source "ChessBase"]
[SourceQuality "1"]

{[%evp 26,131,68,62,54,43,63,44,61,41,126,97,163,161,154,58,64,25,118,0,58,55,54,55,123,124,124,123,127,124,141,134,133,120,124,121,170,136,184,91,241,217,213,200,192,194,185,177,225,139,128,112,128,100,117,106,145,145,145,145,145,145,145,145,145,145,145,145,176,145,145,145,145,145,145,145,145,145,145,145,145,145,236,243,225,216,225,212,379,378,369,364,408,406,401,399,387,355,356,352,342,328,506,491,508,495,29983,29984]} 1. Nf3 Nf6 2. c4 g6 3. Nc3 Bg7 4. d4 d6 5. g3 O-O 6. Bg2 Nbd7 7. O-O e5 8. e4 exd4 9. Nxd4 Re8 10. Re1 c6 11. h3 Qc7 12. Be3 Nc5 13. Qc2 a5 14. Rad1 a4 {E69: King's Indian: Fianchetto: 6...Nbd7 7 0-0 e5 8 e4 c6 9 h3.} 15. f4 {[#]} h5 $146 ({Predecessor:} 15... Nfd7 16. Ndb5 cxb5 17. Nxb5 Qb8 18. Nxd6 Re6 19. e5 Bf8 20. Nb5 Ra5 {½-½ (20) Cavalcanti,F (2255)-Duarte Filho,F (2024) Joao Pessoa 2014}) 16. Bf2 Nh7 {White is slightly better.} 17. Nf3 b6 (17... a3 $14) 18. Bd4 $16 Be6 (18... Nf6 $16 {keeps fighting.}) 19. Bxg7 $18 Kxg7 20. e5 (20. Rd4 $16) 20... Bf5 21. Qf2 (21. exd6 $6 Bxc2 22. dxc7 Bxd1 $11) 21... dxe5 (21... Nd3 $11 22. Rxd3 (22. exd6 Nxf2 23. dxc7 Nxd1 $11) 22... Bxd3) 22. Rxe5 (22. Nxe5 $16 Rad8 23. Rxd8 (23. Nxc6 Rxe1+ 24. Rxe1 Nd3 $16) 23... Rxd8 24. Nxc6) 22... Be6 ({Don't blunder} 22... Nd3 $2 23. Rxd3 $1 {[%mdl 512]} Bxd3 24. Rxe8 $18) (22... Nf6 $11) 23. Ree1 $14 Rad8 24. Ne5 Bc8 (24... Rxd1 $14 25. Rxd1 Rd8) 25. Rxd8 Rxd8 26. Nxc6 Nd3 27. Qd2 Nxe1 28. Qxd8 Qxd8 29. Nxd8 Nxg2 30. Kxg2 $16 {[%mdl 4096] Endgame KBN-KNN} Kf8 31. Kh2 Bd7 {White must now prevent ...Ke7.} 32. Nb7 (32. Nd5 $18) 32... Be6 (32... Nf6 $16 {was worth a try.}) 33. Nxa4 Bxc4 34. b3 ({Resist} 34. Nxb6 $6 Bxa2 35. Kg2 Ke7 $14) 34... Ba6 35. Nd6 Ke7 36. Ne4 b5 37. Nac3 Bb7 {Threatens to win with ...b4.} 38. Nc5 Bc6 39. Kg1 Nf6 40. b4 Ne8 41. Nb3 Nc7 42. Nd4 Bd7 43. h4 Kd6 44. Kf2 Be8 45. a3 Bd7 46. Ke2 Ke7 47. Kd3 Kd6 48. Ke4 f5+ 49. Kd3 Be8 50. Nf3 Ne6 51. Ne5 Nc7 52. Ke3 Ne6 53. Nd3 Bc6 (53... Nc7 $16 {might work better.} 54. Ne2 Nd5+ 55. Kd4 Bc6) 54. Nb2 $1 $18 Nc7 {[#]} 55. Kd4 $1 Ne6+ {[#]} 56. Kd3 $1 Nc7 $2 (56... Be8 57. a4 bxa4 58. Nbxa4 Nf8) 57. a4 bxa4 58. Nbxa4 Bg2 59. Nc5 Bf3 60. Kd4 Bc6 61. Kc4 Na8 62. b5 Nb6+ 63. Kd4 Be8 (63... Bg2 $142 64. Nd3 Na8) 64. Nd3 Nd7 65. Ne5 Nc5 (65... Nf6 $18 66. b6 Bc6 67. Nxg6 Nd7) 66. Nc4+ {Weighted Error Value: White=0.13/Black=0.42} 1-0

[Event "USA Championship Women 2021"]
[Site "Saint Louis"]
[Date "2021.10.16"]
[Round "9.3"]
[White "Yip, Carissa"]
[Black "Eswaran, Ashritha"]
[Result "1-0"]
[WhiteElo "2402"]
[BlackElo "2244"]
[Annotator "TA"]
[PlyCount "79"]
[EventDate "2021.10.06"]
[EventCountry "USA"]
[SourceTitle "playchess.com"]
[Source "ChessBase"]
[SourceQuality "1"]

{[%evp 14,79,28,25,43,33,47,39,43,21,25,6,26,0,23,-28,7,0,35,24,31,8,38,30,23,35,55,1,38,37,104,117,245,238,281,272,275,270,255,252,333,331,340,335,346,329,317,329,483,103,442,379,858,589,5485,5485,1916,1698,5822,5838,5714,1713,29979,29980,29978,29979,29984,12839]} 1. e4 c6 2. d4 d5 3. Nd2 dxe4 4. Nxe4 Nf6 5. Nxf6+ exf6 6. c3 Bd6 7. Bd3 O-O 8. Qc2 Re8+ {B15: Caro-Kann: 3 Nc3: 3...g6 and 3...dxe4 4 Nxe4 Nf6 5 Nxf6+ exf6.} 9. Ne2 h5 10. Be3 Nd7 {White is slightly better.} 11. h3 Nf8 12. O-O-O Be6 13. g4 h4 {[#]} (13... Bxa2 $2 14. b3 $18) 14. Rhg1 $146 (14. c4 $142) ({Predecessor:} 14. Kb1 b5 15. Rhg1 a5 16. g5 a4 17. gxf6 Qxf6 18. Bg5 Qf3 19. Bxh4 Bc4 20. Ng3 Bxd3 21. Qxd3 Qxd3+ 22. Rxd3 {½-½ (61) Smirnov,A (2567)-Xiong,J (2679) Chess.com INT 2019}) 14... Qa5 (14... Bxa2 $2 15. b3 $18) 15. a3 Rac8 16. Kb1 Bh2 17. Rge1 (17. Rh1 $5 {[%cal Rh1h2]} Bb8 18. Rhe1 $11) 17... Bb8 18. c4 b5 19. c5 Ng6 20. g5 ({White should play} 20. Bd2 $14 Qa4 21. Qxa4 (21. Bxg6 fxg6 22. Qxg6 Bf7 $19) 21... bxa4 22. Bc2) 20... Qa4 21. Qd2 {Threatens to win with Nc3.} f5 {Black is on the road to losing.} (21... Bxh3 $6 22. gxf6 b4 23. axb4 $16) (21... b4 $14) 22. d5 $16 Bxd5 {[#]} (22... cxd5 $16 23. Bc2 Qa6) 23. Nc3 $1 $18 {[%cal Rc3a4]} Qa6 ({But not} 23... Qb3 24. Bc2 $18 (24. Bxf5 Bf3 $11)) 24. Nxd5 ({Weaker is} 24. Bxf5 Bb3 $11) 24... cxd5 25. Bxf5 Rcd8 26. Bd4 Be5 27. Bxe5 Rxe5 28. Rxe5 Nxe5 29. Qf4 $1 {[%csl LRe5,LRh4]} Ng6 30. Qc7 Re8 (30... Rf8 {keeps fighting.} 31. Qd7 (31. Rxd5 b4 $16) 31... b4) 31. Qd6 $2 {[#]} (31. c6 $18 {and White stays clearly on top.} b4 32. Bxg6 fxg6 33. Qd7 {[%mdl 64] Double Attack}) 31... Qa4 $2 {[%mdl 8192]} (31... Qxd6 $16 32. cxd6 Nf4) 32. Bc2 Qa5 (32... Qf4 33. Qxd5 Qe5 34. Bxg6 Qxd5 35. Rxd5 fxg6) 33. Qxd5 Re1 34. Rxe1 Qxe1+ 35. Ka2 Nf8 36. Bb3 Qe7 37. c6 Ne6 38. g6 {White mates.} Kf8 39. Qf5 Nc7 40. Qc8+ {Weighted Error Value: White=0.46/Black=0.63} (40. gxf7 $142 Qd8 41. Qd7 Qxd7 42. cxd7 Ke7 43. f8=Q+ Kxd7 44. Qxg7+ Kc8 45. Qh8+ Kd7 46. Qd4+ Kc8 47. Qh8+ Kd7 48. Qxh4) 1-0

[Event "USA Championship Women 2021"]
[Site "Saint Louis"]
[Date "2021.10.16"]
[Round "9.4"]
[White "Krush, Irina"]
[Black "Nemcova, Katerina"]
[Result "1-0"]
[WhiteElo "2429"]
[BlackElo "2331"]
[Annotator "TA"]
[PlyCount "135"]
[EventDate "2021.10.06"]
[EventCountry "USA"]
[SourceTitle "playchess.com"]
[Source "ChessBase"]
[SourceQuality "1"]

{[%evp 13,135,25,49,28,57,40,74,38,93,22,71,32,44,33,29,27,40,22,45,46,35,30,36,24,38,34,37,46,18,14,84,81,90,78,95,100,140,143,166,164,159,161,185,110,102,112,102,97,104,98,204,204,266,268,236,183,175,183,218,204,341,341,494,494,494,484,468,450,451,439,461,448,377,63,887,887,886,886,877,852,842,840,787,631,622,615,670,614,846,821,840,814,1102,1102,1075,1075,1825,970,1013,737,1087,1053,1056,1052,1051,1052,1053,1050,1050,948,1050,1045,1036,1036,1025,1025,977,951,865,850,5755,5755,5747,5747]} 1. c4 f5 2. g3 Nf6 3. Bg2 g6 4. b3 Bg7 5. Bb2 O-O 6. Nf3 d6 7. d4 Ne4 8. Nbd2 {[%cal Bb1d2,Bd2e4,Be4c3,Bc3d5][%mdl 32] A87: Dutch Defence: Leningrad System: 5 Nf3.} c5 9. Qc2 {[#]} cxd4 $146 ({Predecessor:} 9... Qa5 10. dxc5 Qxc5 11. O-O Nxd2 12. Qxd2 Bxb2 13. Qxb2 Nd7 14. Rac1 a5 15. Rfd1 Nf6 {1-0 (46) Chilek,R-Cempel,J (2270) Czech Republic 1998}) 10. Nxd4 {White is better.} Qb6 (10... Nf6 $14) 11. e3 ({White should play} 11. Nxe4 $16 {Threatens to win with c5.} Bxd4 12. Nc3) 11... e5 12. Nb5 a6 13. Nxe4 axb5 14. Nc3 {Nd5 is the strong threat.} bxc4 15. Nd5 Qd8 16. Qxc4 {And now Nc7+ would win.} Be6 17. O-O Nc6 18. Rfd1 Rf7 19. b4 e4 20. Bxg7 Kxg7 21. a4 Ne5 (21... Qf6 $11) 22. Qd4 $16 Bxd5 23. Qxd5 Rd7 24. Bf1 Qg5 25. Be2 h5 26. h4 Qe7 27. Kg2 Rc8 28. Rd2 (28. a5 $18) 28... Qf7 29. Qd4 Qf6 30. Rad1 d5 31. a5 Rcd8 {[#]} (31... Nc6 $16 32. Qxf6+ Kxf6) 32. b5 $1 $18 {[%cal Bb4b5,Bb5a6][%mdl 32]} Nf7 33. Qc5 Qd6 34. Qxd6 Rxd6 35. a6 bxa6 36. bxa6 Ne5 (36... Kf6 $142 37. Rb2 Ke7 38. Rb7+ R6d7) 37. a7 Nc6 {[#]} (37... Nd3 {might work better.} 38. Bxd3 exd3) 38. Rxd5 $3 {[%mdl 512]} Rxd5 39. Rxd5 {[%mdl 4096] Endgame KRB-KRN} Ra8 40. Rc5 ({Not} 40. Rd7+ Kf8 $18) 40... Nxa7 41. Ra5 Kh6 42. Ra6 Kg7 43. Bc4 $2 ({White should try} 43. f4 $18) 43... Rc8 $2 {[%mdl 8192] Black cannot hold the game after this.} 44. Rxa7+ {KRB-KR. White is clearly winning.} Kf6 45. Ra6+ Kg7 46. Bb5 Rb8 47. Ba4 Kf7 48. Rd6 Kg7 49. Kf1 Kf7 50. Ke2 Rb4 51. Bc2 Rb2 52. Kd2 Kg7 53. Kc3 Ra2 54. Rb6 Ra1 55. Rb1 Ra2 56. Rb2 Ra3+ 57. Bb3 Ra1 58. Ra2 Rb1 59. Bc4 Rd1 60. Ra6 Rd8 61. Bb5 Kf7 62. Ra7+ Ke6 63. Rg7 Kf6 64. Rd7 Ra8 65. Kd4 Ke6 66. Kc5 Ra5 67. Rd6+ Kf7 68. Ra6 {Weighted Error Value: White=0.28/Black=0.29} 1-0

[Event "USA Championship Women 2021"]
[Site "Saint Louis"]
[Date "2021.10.16"]
[Round "9.5"]
[White "Zatonskih, Anna"]
[Black "Foisor, Sabina-Francesca"]
[Result "1-0"]
[WhiteElo "2422"]
[BlackElo "2205"]
[Annotator "TA"]
[PlyCount "151"]
[EventDate "2021.10.06"]
[EventCountry "USA"]
[SourceTitle "playchess.com"]
[Source "ChessBase"]
[SourceQuality "1"]

{[%evp 9,151,12,12,12,14,12,16,18,16,16,18,12,13,12,28,16,23,5,6,0,25,7,13,0,18,6,22,26,21,3,10,0,0,-10,0,0,11,19,47,51,68,27,106,105,118,110,139,129,170,34,181,177,207,207,207,199,293,276,300,302,414,438,650,646,606,619,862,477,471,468,459,473,464,476,462,454,510,431,511,484,618,617,616,577,687,670,805,782,896,848,866,838,1262,1204,1215,1322,12838,12839,12839,12840,12840,12841,12841,12841,12842,12841,12842,12842,12843,12844,12844,12845,12845,12845,12846,12845,12845,12843,12846,12844,12845,12843,12844,12844,12845,12845,12845,12845,12845,12846,12846,12847,12849,12847,12848,12848,12849,12848,12849,12848,12849,12849,12849,12850]} 1. d4 Nf6 2. Nf3 e6 3. c4 d5 4. Nc3 a6 5. c5 b6 6. cxb6 $1 {D37: Queen's Gambit Declined: 5 Bf4.} cxb6 7. Bf4 Bb7 8. e3 {The position is equal.} Nc6 9. Bd3 Bd6 10. O-O Bxf4 11. exf4 Qd6 12. g3 O-O 13. Re1 Rac8 14. Rc1 {[#]} Na5 $146 ({Predecessor:} 14... b5 15. Re2 Rfe8 16. Bb1 Na5 17. Ne5 Nc4 18. Bd3 Nb6 19. Rec2 b4 20. Ne2 Rxc2 21. Rxc2 {1-0 (44) Bifulco,M (2297)-Parrella,A (2111) Alessandria 2018}) 15. Qe2 b5 16. Red1 Nc4 17. Ne5 Rc7 18. b3 Na3 19. Nb1 Rfc8 20. Qb2 {Threatens to win with Rxc7.} Nxb1 21. Bxb1 b4 22. Rxc7 Qxc7 23. f5 Ne4 24. fxe6 fxe6 25. Qe2 Rf8 (25... Nc3 $11 {keeps the balance.} 26. Qg4 Qe7) 26. f3 $16 Nc3 {[#]} 27. Qc2 {[%csl Gb1][%cal Rc2h7]} g6 28. Re1 a5 29. Kg2 (29. Nxg6 $1 $18 Rf6 30. Ne5) 29... Qg7 {A mistake that costs the game.} ({Better is} 29... Rc8 $1 $14) 30. Qd2 $18 Ba6 {[#]} 31. a4 $1 g5 32. Bc2 h5 (32... Kh8 $142 33. Nc6 g4) 33. Ng6 Rf6 34. Qxg5 {Black must now prevent Rxe6!} Be2 35. f4 Bg4 (35... h4 $142 36. gxh4 Rf7 37. Qd8+ Kh7) 36. h3 Be2 37. Kf2 Ba6 38. Qxh5 Ne4+ 39. Bxe4 dxe4 40. Ne5 Bb7 41. Qe8+ Kh7 42. Qd7 Bd5 43. Qxg7+ Kxg7 {[%mdl 4096] Endgame KRB-KRN} 44. Nc4 Rh6 45. h4 Rh8 46. Nxa5 Rc8 47. Nc4 Bxc4 48. bxc4 Rxc4 49. Rxe4 {KR-KR} Kf6 50. Re5 Rxd4 51. Rb5 b3 52. Rxb3 Rxa4 53. Kf3 Ra1 54. Rb5 Ra3+ 55. Kg4 Ra8 56. h5 Ra3 57. Re5 Ra6 58. Rg5 Kf7 59. h6 Ra8 60. h7 Rh8 61. Rh5 Kg6 62. Kh4 Kf6 63. g4 Kg6 64. Kg3 Kg7 65. Kg2 Kg6 66. Kf3 Kg7 67. Ke4 Kf6 68. Rh1 Kg6 69. Ke5 Kf7 70. g5 Kg7 71. Kxe6 {Intending f5 and mate.} Re8+ 72. Kd7 Rh8 73. f5 {White wants to mate with Ke7.} Kf7 74. Rh2 Kf8 75. Ke6 {Ra2 would kill now.} Kg7 76. Ke7 {Weighted Error Value: White=0.16/Black=0.36} 1-0

[Event "USA Championship Women 2021"]
[Site "Saint Louis"]
[Date "2021.10.16"]
[Round "9.6"]
[White "Lee, Megan"]
[Black "Cervantes Landeiro, Thalia"]
[Result "1/2-1/2"]
[WhiteElo "2211"]
[BlackElo "2175"]
[Annotator "TA"]
[PlyCount "120"]
[EventDate "2021.10.06"]
[EventCountry "USA"]
[SourceTitle "playchess.com"]
[Source "ChessBase"]
[SourceQuality "1"]

{[%evp 9,120,6,16,22,22,6,19,17,30,17,34,26,40,0,0,0,4,-55,0,0,7,-1,17,22,21,10,4,-16,-10,-24,-35,-15,95,100,140,149,157,136,124,106,92,15,27,1,0,-10,-10,-10,-10,-10,-10,-10,-8,-27,0,0,0,0,0,0,0,0,0,0,0,0,0,0,0,0,0,0,0,0,0,0,0,0,0,0,0,0,0,0,0,0,0,0,0,0,0,0,0,0,0,0,0,0,0,0,0,0,0,0,0,0,0,0,0,0,0,0,0]} 1. e4 c5 2. Nf3 d6 3. Bb5+ Nd7 4. a4 Ngf6 5. Nc3 a6 6. Be2 {B51: Sicilian: Moscow Variation (3 Bb5+) without 3...Bd7.} b6 7. d4 cxd4 8. Qxd4 Bb7 9. O-O e5 10. Qe3 Be7 {[#]} 11. h3 $146 ({Predecessor:} 11. Nd2 O-O 12. Rd1 Qc7 13. b3 Nc5 14. Bb2 h6 15. b4 Ne6 16. Nc4 Nd7 17. a5 {½-½ (68) Tari,A (2625)-Wojtaszek,R (2705) Wijk aan Zee 2021}) 11... Qc7 12. Rd1 O-O 13. b3 (13. Nd2 $11) 13... Qc5 ({Black should try} 13... d5 $1 $15 14. exd5 (14. Nxd5 Bxd5 15. exd5 Bc5 $17) 14... Bc5) 14. Qd3 $11 Rfc8 15. Bb2 Qb4 16. Nd2 Nc5 {[%mdl 64] Double Attack} 17. Qe3 {Black must now prevent Na2.} Ncxe4 18. Ncxe4 Nxe4 19. Nc4 {Ba3 is the strong threat.} Bg5 20. Qf3 Qc5 (20... b5 $11 21. Ba3 Qc3 22. axb5 axb5 23. Nxd6 Qxf3 24. Bxf3 Nxd6 25. Bxd6 Rxa1 26. Rxa1 Bxf3 27. gxf3 f6) 21. Bd3 $16 b5 {[#]} 22. Na5 $1 {[%cal Ra5b7]} Nxf2 23. Nxb7 Qb6 {[#]} 24. a5 $1 {[%mdl 512]} Qa7 {[#]} 25. Kf1 ({Inferior is} 25. Qxf2 Be3 $17) (25. Bd4 $1 $16 {[%cal Rd4a7]} exd4 26. Kxf2) 25... Nxd3 $11 ({But not} 25... Nxd1 $2 26. Rxd1 Rf8 27. Nxd6 $18) 26. cxd3 Rc2 $36 {[%mdl 2048] And now ...Be3 would win. White is under pressure.} 27. Bc1 {[#]} e4 $1 28. dxe4 Bxc1 29. Raxc1 Rxc1 30. Rxc1 Qxb7 {[%mdl 4096] Endgame KQR-KQR} 31. Qc3 Qe7 32. Qc6 {The position is equal.} Re8 33. Re1 h6 34. Qxa6 Qf6+ 35. Kg1 Qd4+ 36. Kh1 Qb4 37. Rf1 Qxb3 38. Qxd6 Qc4 39. Rb1 Ra8 40. e5 Qa4 41. e6 fxe6 42. Qxe6+ Kh8 43. Qd5 Qxa5 44. Rxb5 Qe1+ 45. Kh2 Re8 46. Qf5 Qd2 47. Rd5 Qb4 48. Rd1 Qb8+ 49. Kh1 Rf8 50. Qg4 Qb5 (50... Qe5 {looks sharper.} 51. Kg1 Kh7 52. Qd4 Qg3 53. Qd3+ Qxd3 54. Rxd3 Ra8) 51. Kh2 (51. Qg3 {seems wilder.} Qc5 52. Kh2 Qf5 53. Re1 Qf4 54. Qxf4 Rxf4 55. Re8+) 51... Qe5+ 52. Qg3 Qxg3+ 53. Kxg3 {KR-KR} Kh7 54. Rd6 Ra8 55. Rb6 Ra3+ 56. Kf4 Rc3 57. Ra6 Rc4+ 58. Kf3 Rc3+ 59. Kf4 Rc4+ 60. Kf3 Rc3+ {Weighted Error Value: White=0.07/Black=0.08} 1/2-1/2

[Event "USA Championship Women 2021"]
[Site "Saint Louis"]
[Date "2021.10.17"]
[Round "10.1"]
[White "Eswaran, Ashritha"]
[Black "Zatonskih, Anna"]
[Result "1-0"]
[WhiteElo "2244"]
[BlackElo "2422"]
[Annotator "TA"]
[PlyCount "61"]
[EventDate "2021.10.06"]
[EventCountry "USA"]
[SourceTitle "playchess.com"]
[Source "ChessBase"]
[SourceQuality "1"]

{[%evp 20,61,0,9,23,20,24,22,34,38,38,22,23,26,26,0,0,0,0,0,0,0,98,100,170,66,85,73,182,189,187,189,187,187,725,727,696,696,694,685,29995,29996,29996,185]} 1. e4 e6 2. d4 d5 3. Nc3 Nf6 4. e5 Nfd7 5. f4 c5 6. Nf3 Nc6 7. Be3 cxd4 8. Nxd4 Qb6 9. Qd2 Qxb2 10. Rb1 Qa3 11. Bb5 Nxd4 {C11: French: Classical System: 4 e5 and 4 Bg5 dxe4.} 12. Bxd4 ({But not} 12. Qxd4 a6 $17) 12... a6 13. Bxd7+ Bxd7 {The position is equal.} 14. Rb3 Qe7 15. Rxb7 Qh4+ 16. Bf2 {16.g3 is the modern continuation.} Qd8 17. O-O Qc8 18. Rb3 {[#]} Be7 $146 ({Predecessor:} 18... Qc4 19. Ne2 Be7 20. Rfb1 O-O 21. Rb7 Qc8 22. Qc3 Bd8 23. Qxc8 Bxc8 24. Rb8 Rxb8 25. Rxb8 {½-½ (124) Karjakin,S (2776)-Nakamura,H (2774) Monte Carlo 2011}) 19. f5 Qc4 20. Re1 Bc6 (20... Rc8 $11 {keeps the balance.}) 21. Ne2 $16 Bd7 (21... d4 $16 {keeps fighting.}) 22. Nd4 (22. f6 $1 $18 {[%cal Rf6e7]} gxf6 23. exf6 Bxf6 24. Bd4 Bxd4+ 25. Nxd4) 22... Rc8 $14 23. a3 exf5 {[#]} (23... Bc5 $16 {was necessary.}) 24. e6 $1 $18 {[%cal Re6d7]} fxe6 25. Nxe6 Bxe6 26. Rxe6 {Black must now prevent Qg5!} Kf7 $2 {[#]} (26... Rf8) 27. Rxe7+ $1 {[%mdl 576] Remove Defender} Kxe7 28. Qg5+ {[%mdl 64] Double Attack} Ke6 {and the idea ...d4 leaves Black hopeful.} 29. Re3+ Kd6 30. Qe7+ Kc6 31. Re6+ {Weighted Error Value: White=0.09/Black=0.53} 1-0

[Event "USA Championship Women 2021"]
[Site "Saint Louis"]
[Date "2021.10.17"]
[Round "10.2"]
[White "Abrahamyan, Tatev"]
[Black "Lee, Megan"]
[Result "1-0"]
[WhiteElo "2344"]
[BlackElo "2211"]
[Annotator "TA"]
[PlyCount "89"]
[EventDate "2021.10.06"]
[EventCountry "USA"]
[SourceTitle "playchess.com"]
[Source "ChessBase"]
[SourceQuality "1"]

{[%evp 10,89,0,0,4,4,2,14,2,0,19,-7,19,-16,7,14,13,2,23,0,14,17,0,14,11,-36,-16,-31,-21,-17,0,-20,0,-40,-2,-41,0,0,0,0,20,23,38,33,36,32,52,0,0,0,268,250,238,237,352,351,300,343,335,318,556,539,743,747,697,697,879,285,445,307,1049,949,5047,5047,29982,29983,29972,29974,29992,29993,29993,29994]} 1. Nf3 d5 2. g3 g6 3. Bg2 Bg7 4. O-O e5 5. d3 Nc6 6. e4 dxe4 {A07: Réti Opening: New York and Capablanca Systems.} 7. dxe4 Qxd1 8. Rxd1 Bg4 {The position is equal.} 9. c3 {[#]} a5 $146 ({Predecessor:} 9... Nf6 10. h3 Bxf3 11. Bxf3 h5 12. Nd2 O-O-O 13. Re1 Bh6 14. Nc4 Bxc1 15. Raxc1 Rhe8 {1-0 (30) Svidler,P (2723)-Giri,A (2764) chess24.com INT 2020}) 10. a4 Be6 11. Nbd2 Bh6 12. Bf1 O-O-O 13. Re1 f6 14. Nc4 Rd7 15. Rb1 Kb8 16. Be3 Bxe3 17. fxe3 (17. Nxe3 {seems wilder.} Nge7 18. h4 b6 19. Bb5 Kb7 20. Red1) 17... Nge7 18. b4 Bxc4 19. Bxc4 Rd6 20. Rf1 Rhd8 21. h4 h5 22. Kf2 Ng8 23. Ke2 Nh6 24. Rb2 Ka7 25. Rfb1 axb4 26. cxb4 Ne7 27. a5 Rc6 {[#]} 28. Bb5 (28. Rd2 $1 $14 Rdd6 29. Rc2) 28... Rc3 $11 {Strongly threatening ...Ng4.} 29. Rd2 Rxd2+ {[%mdl 8192] Black is on the road to losing.} (29... Rd6 $11 {and Black is okay.}) 30. Kxd2 $18 Ra3 {[#]} 31. Ne1 $1 c5 (31... Ra2+ $142 32. Nc2 f5) 32. Nc2 cxb4 33. Nxa3 bxa3 {[%mdl 4096] Endgame KRB-KNN} 34. Kc3 f5 $2 (34... a2 35. Ra1 Nf7) 35. Rd1 fxe4 36. Rd7 Nhf5 37. a6 Nxe3 38. Rxb7+ Ka8 39. Kb3 N3f5 (39... N7f5 40. Be8 (40. Kxa3 Nd6 $11) 40... Nd4+ 41. Ka2 (41. Kxa3 Nec2+ 42. Ka4 e3 $18) 41... Nd5) 40. Kxa3 e3 41. Rd7 Nd4 42. Rxe7 {White mates.} Nxb5+ 43. Kb4 Nd4 44. Kc5 Nf5 45. Rd7 {Weighted Error Value: White=0.21/Black=0.55} 1-0

[Event "USA Championship Women 2021"]
[Site "Saint Louis"]
[Date "2021.10.17"]
[Round "10.3"]
[White "Cervantes Landeiro, Thalia"]
[Black "Krush, Irina"]
[Result "1/2-1/2"]
[WhiteElo "2175"]
[BlackElo "2429"]
[Annotator "TA"]
[PlyCount "75"]
[EventDate "2021.10.06"]
[EventCountry "USA"]
[SourceTitle "playchess.com"]
[Source "ChessBase"]
[SourceQuality "1"]

{[%evp 27,75,22,20,9,7,7,11,11,16,8,14,16,21,0,6,12,6,6,6,7,6,4,6,2,13,9,10,0,0,0,0,0,0,0,0,0,0,0,0,0,6,0,0,0,13,0,12,0,39,0]} 1. d4 Nf6 2. c4 g6 3. Nc3 Bg7 4. e4 d6 5. f3 O-O 6. Nge2 c5 7. Be3 Qa5 8. Nc1 cxd4 9. Nb3 Qb6 10. Bxd4 Qd8 11. Be2 Nc6 12. Be3 Be6 13. O-O Nd7 14. Qd2 a5 {[%cal Ba7a5,Ba5a4][%mdl 32]} 15. f4 {[#] Black must now prevent f5. B38: Sicilian: Maroczy Bind with 5...Bg7 and 7...0-0.} a4 16. Nd4 Nxd4 17. Bxd4 {The position is equal.} Bxd4+ 18. Qxd4 {Hoping for f5.} Qb6 19. Qxb6 Nxb6 {[#]} 20. Nd5 $146 (20. b3 {is more complex.} f6 21. Kf2 Rfc8 22. g3 Kf7 23. Rfd1) ({Predecessor:} 20. b3 Ra5 21. Bf3 axb3 22. axb3 Rfa8 23. Rab1 Kf8 24. Ne2 Bd7 25. Nd4 e5 26. Ne2 {½-½ (40) Dijk,E (2215)-Gross,M (2208) ICCF email 2018}) 20... Nxd5 21. cxd5 Bd7 22. Rac1 Rfc8 23. a3 b6 24. Kf2 Rc5 25. Rc3 Kg7 26. Rfc1 Rb8 27. Ke3 f5 28. exf5 gxf5 29. Kd4 Kf6 30. Bf3 Be8 31. Rc4 Bf7 32. R1c3 Ra8 33. Rb4 Ra6 34. Rcc4 Be8 35. Rc3 Bf7 36. Rcc4 Be8 37. Rc3 Bf7 38. Rcc4 {A rather calm draw.  Weighted Error Value: White=0.04/Black=0.01} 1/2-1/2

[Event "USA Championship Women 2021"]
[Site "Saint Louis"]
[Date "2021.10.17"]
[Round "10.4"]
[White "Paikidze, Nazi"]
[Black "Yip, Carissa"]
[Result "0-1"]
[WhiteElo "2374"]
[BlackElo "2402"]
[Annotator "TA"]
[PlyCount "70"]
[EventDate "2021.10.06"]
[EventCountry "USA"]
[SourceTitle "playchess.com"]
[Source "ChessBase"]
[SourceQuality "1"]

{[%evp 9,70,25,48,54,55,49,42,34,39,36,57,49,33,52,47,42,61,51,17,29,87,7,94,54,59,58,62,48,37,33,35,34,38,45,71,-290,-272,-382,-413,-442,-431,-452,-412,-427,-306,-477,-477,-555,-571,-566,-558,-544,-553,-674,-667,-968,-969,-1048,-575,-1256,-1252,-1414,-1377]} 1. d4 g6 2. e4 Bg7 3. Nc3 d6 4. Nf3 a6 5. a4 Nd7 6. Bc4 {[#] And now Bxf7+! would win. B06: Modern Defence.} e6 7. Bg5 Ne7 8. Qd2 {White is slightly better.} h6 9. Be3 b6 10. h3 Bb7 11. O-O Nf6 12. d5 e5 13. Nh2 Nh5 14. Rfe1 g5 {[#]} (14... Qd7 $11 {remains equal.}) 15. g3 $146 ({Better is} 15. a5 $16) ({Predecessor:} 15. Nf1 Nf4 16. Ng3 Bc8 17. Be2 h5 18. Bxf4 exf4 19. Nxh5 Be5 20. Bg4 Ng8 21. Qe2 {1-0 (36) Rozentalis,E (2611)-Bach,M (2252) Odense 2013}) 15... Ng6 (15... Nf4 $11 {keeps the balance.}) 16. Qd1 Nf6 17. Bf1 Bc8 18. a5 b5 19. Bg2 Bd7 20. Nf1 Qc8 21. Kh2 $1 h5 22. f4 $2 {[%mdl 8192] This costs White the game.} (22. Bxg5 $16 h4 23. g4) 22... gxf4 $19 23. gxf4 (23. Bc1 {might work better.}) 23... exf4 24. e5 {[#]} Ng4+ {[%mdl 512]} 25. hxg4 hxg4+ ({Less strong is} 25... fxe3 26. e6 $19) 26. Kg1 dxe5 (26... fxe3 27. e6 $11) 27. Bc5 (27. Ne4 $142) 27... Qd8 {Black is clearly winning.} 28. Ne4 f5 29. d6 c6 ({Weaker is} 29... fxe4 30. Bxe4 Nf8 31. dxc7 $15) 30. Bb6 Qh4 31. Bf2 Qh5 32. Qd3 fxe4 33. Bxe4 Nf8 {White must now prevent ...f3.} 34. Bd4 f3 {( -> ...Qh1+)} 35. Bxf3 gxf3 {Weighted Error Value: White=0.69/Black=0.25} 0-1